European license plates without country codes - Statistics

General Stats
  • This quiz has been taken 161 times
  • The average score is 24 of 46
Answer Stats
Picture Answer % Correct
Croatia
99%
Slovakia
82%
San Marino
81%
Ukraine
80%
Andorra
77%
Great Britain
76%
Belarus
75%
Netherlands
70%
Albania
69%
Germany
68%
Belgium
67%
Moldova
67%
Austria
64%
Liechtenstein
63%
Kosovo
61%
France
60%
Serbia
57%
Luxembourg
56%
Italy
54%
Italy
54%
Monaco
54%
North Macedonia
51%
Montenegro
50%
Czech Republic
48%
Great Britain
48%
Portugal
47%
Denmark
46%
Switzerland
46%
Switzerland
46%
Ireland
43%
Norway
40%
Finland
39%
Spain
39%
Slovenia
38%
Bulgaria
37%
Poland
36%
Greece
34%
Hungary
33%
Bosnia
32%
Estonia
31%
Iceland
31%
Romania
31%
Sweden
30%
Lithuania
24%
Latvia
22%
Malta
16%
No matching quizzes found
Score Distribution
Percent of People with Each Score
Percentile by Number Answered
Your Score History
You have not taken this quiz